|
|
|
|
| LEADER |
00000nkm a2200000 4500 |
| 001 |
vtls011920127 |
| 003 |
SK-MaSNL |
| 005 |
20260302060630.0 |
| 007 |
kf co |
| 008 |
240409q1987 xo g 00 k|slo |
| 015 |
|
|
|a SNBG1987
|
| 035 |
|
|
|a urn:nbn:sk:snk-km00ebu1
|
| 035 |
|
|
|a urn:nbn:sk:snk-km43fc6
|
| 035 |
|
|
|a A4B46FAB-C4EE-4933-8AAD-B7474719DEC8
|
| 040 |
|
|
|a SNK
|b slo
|c SNK
|e rda
|
| 041 |
0 |
|
|a slo
|
| 044 |
|
|
|a xo
|c SK
|
| 072 |
|
7 |
|a 93/94
|x Dejiny (všeobecne)
|2 konspekt
|
| 080 |
|
|
|a 93/94
|2 2011
|
| 080 |
|
|
|a (084.5)
|2 2011
|
| 245 |
0 |
0 |
|a Celoslovenské oslavy 130. výročia založenia Prvého slovenského katolíckeho gymnázia v Kláštore pod Znievom
|h grafika
|
| 264 |
|
1 |
|a [Slovensko?]
|b [vydavateľ neznámy?]
|c 1999
|
| 300 |
|
|
|a 1 plagát
|b farebný
|c 60 x 41 cm
|
| 336 |
|
|
|a statický obraz
|b sti
|2 rdacontent
|
| 336 |
|
|
|a text
|b txt
|2 rdacontent
|
| 337 |
|
|
|a bez média
|b n
|2 rdamedia
|
| 338 |
|
|
|a list
|b nc
|2 rdacarrier
|
| 500 |
|
|
|a Dátum vydania určený na základe informácie na plagáte
|
| 520 |
|
|
|a Zobrazenie: Slaboružvkastý podklad, textové informácie čiernym zlatým a biločiernym písmom, názov plagátu zlatým písmom v hornej časti, po pravej strane dve dobové fotografie
|
| 655 |
|
7 |
|a plagáty
|2 SNKPH
|9 70571
|
| 852 |
|
|
|a Slovenská národná knižnica v Martine
|
| 958 |
|
|
|a CP
|
| 958 |
|
|
|a TL
|
| 999 |
|
|
|c 1121997
|d 1123927
|
| 952 |
|
|
|a SNKLM
|b SNKLM
|y PREZ
|7 0
|p 17A1406388
|o snklm L 3053
|i snklm 50/2001
|0 0
|1 0
|4 0
|d 2020-02-26
|f 1
|l 0
|r 2026-02-24 18:34:46
|w 2026-02-24
|